The software testing guide book / (Record no. 40007)

MARC details
000 -LEADER
fixed length control field 00723nam a22002057a 4500
005 - DATE AND TIME OF LATEST TRANSACTION
control field 20100807115857.0
010 ## - LCCN (DPL NO)
LC control number ENG-98853
020 ## - INTERNATIONAL STANDARD BOOK NUMBER
International Standard Book Number 9789380173078
Terms of availability 150.00
035 ## - SYSTEM CONTROL NUMBER
System control number EN-82385
037 ## - SOURCE OF ACQUISITION
Source of stock number/acquisition DBAD/PUB
082 ## - DEWEY DECIMAL CLASSIFICATION NUMBER
Classification number 005.14
100 ## - MAIN ENTRY--PERSONAL NAME
Personal name M Rajesh Kumar
245 ## - TITLE STATEMENT
Title The software testing guide book /
Statement of responsibility, etc by M Rajesh Kumar
260 ## - PUBLICATION, DISTRIBUTION, ETC. (IMPRINT)
Place of publication, distribution, etc Koradacherry
Name of publisher, distributor, etc Aruma pathipagam
Date of publication, distribution, etc 2009
270 ## - ADDRESS
Address 35 Gandhi Colony
City Koradacherry
Postal code 613703
300 ## - PHYSICAL DESCRIPTION
Extent viii,214p
Dimensions 20cm(pbk)
650 ## - SUBJECT ADDED ENTRY--TOPICAL TERM
Topical term or geographic name as entry element Computer software testing
942 ## - ADDED ENTRY ELEMENTS (KOHA)
Source of classification or shelving scheme Dewey Decimal Classification
Item type English Books
Classification part 005.14
Call number suffix MRA
Holdings
Withdrawn status Lost status Not for loan Collection code Home library Current library Date acquired Source of acquisition Cost, normal purchase price Full call number Barcode Copy number Cost, replacement price Koha item type
    Not For Loan Non-fiction D.B.Act.Division D.B.Act.Division 07/08/2010 DBAD/PUB 150.00 005.14 MRA EN-82385 1 150.00 English Books

© Delhi Public Library
Hit Counter
free hit counter